Responses for Show #8128 - Wednesday, January 1, 2020

Karen Farrell game 5.
First show of the 2020s.

Contestants

[<< previous game]

Shane Hopkin, a brewery representative from Chicago, Illinois

Val Marsden Fitzhugh, an educational consultant from New York, New York

Karen Farrell, a political consultant from Woodbridge, Virginia (whose 4-day cash winnings total $74,401)

[next game >>]

Jeopardy! Round responses

WHERE YA FROM?
COMICS & GRAPHIC NOVELS
U.S. FACTS & FIGURES
PHARAOHS
TOOT
UNCOMMON
    $200 27
the United Arab Emirates

Shane
    $200 25
Antarctica

Shane
    $200 29
CO2 (carbon dioxide)

Val
    $200 21
the Sphinx

Karen
    $200 30
fife

Val
    $200 28
rare

Shane
    $400 26
Newfoundland

Shane
    $400 24
(Karen: What's anime?)

manga

KarenShane
    $400 19
the Declaration of Independence

Karen
    $400 20
a Dynasty

Karen
    $400 23
a trumpet

Karen
    $400 22
the Few

Triple Stumper
    $600 7
Glasgow

Shane
    $600 10
Gwen Stacy

Karen
    $600 18
a Bachelor's

Val
    $600 1
(Alex: We'll accept that.)
[NOTE: Cobra would have been the response was Alex was looking for though he did not mention.]

an asp

Val
    $600 2
a piccolo

Val
    $600 3
completely different

Val
    $800 8
San Marino

Triple Stumper
    $800 11
George Takei

Karen
    $800 17
E pluribus unum

Karen
    $800 12
Ramses II (the Great)

Karen
    $800 6
saxophone

Val
    $800 4
eccentric

Val
    $1000 9
La Paz

Shane
    $1000 15
Snagglepuss

Karen
    $1000 16
(Shane: What is Las Vegas?)

Clark County

Shane
Triple Stumper
    $1000 13
the Valley of the Kings

Karen
    $1000 14
(Val: Who was Sousa? Who was John Philip Sousa?)

the sousaphone

ValShane
    $2,600 5
singular

Val

Scores at the first commercial break (after clue 15):

Karen Val Shane
$4,200 $5,000 $2,600

Scores at the end of the Jeopardy! Round:

Karen Val Shane
$6,000 $6,000 $3,000

Double Jeopardy! Round responses

ANIMAL NAMES WITH LEWIS & CLARK
MAYORS
O IS THE ONLY VOWEL
(Alex: It might appear more than once, though.)
(Alex: Then we want you to tell us who each actor played in...)
TV TITLE TOUGH GUYS
PEOPLE
A LITERARY NEW YEAR
    $400 29
a prairie dog

Val
    $400 28
Miami

Karen
    $400 30
a roost

Val
    $400 26
Barry

Karen
    $400 27
Caitlyn Jenner

Karen
    $400 25
(Alex: Good, with less than a minute.)

Rosemary's Baby

Val
    $800 7
the grizzly bear

Triple Stumper
    $800 24
Sarah Palin

Karen
    $800 11
Oxford

Val
    $800 23
Jack Ryan

Karen
    $800 19
John Williams

Karen
    $3,000 6
(Val: Um... I don't know.)
...
(Alex: Interesting food choices, right?)
[Val laughs.]

Bridget Jones

Val
    $1200 5
a (greater) grouse

Val
    $1200 20
(Karen: What's Palo Alto?)

San Jose

Karen
Triple Stumper
    $1200 1
Mormons

Karen
    $1200 12
(John) Luther

Karen
    $1200 15
Banksy

Karen
    $1200 2
Hans Christian Andersen

Karen
    $1600 10
a bighorn sheep

Val
    $1600 21
Marion Barry

Karen
    $1600 8
doo-wop

Shane
    $1600 13
Ray Donovan

Karen
    $1600 16
(Karen: What's O'Brien?)

(Timothy & James) Dolan

KarenShane
    $1600 3
(Val: Who's Jane Austen?)

George Eliot

Val
Triple Stumper
    $2000 17
a woodpecker

Shane
    $2,000 22
Minneapolis

Karen
    $2000 9
(Shane: [Grimaces and says nothing])

Colombo

Shane
Triple Stumper
    $2000 14
Kojak

Val
    $2000 18
(Patrick) Leahy

Val
    $2000 4
Nick Hornby

Triple Stumper

Scores at the end of the Double Jeopardy! Round:

Karen Val Shane
$16,800 $10,200 $6,200

[wagering suggestions for these scores]

Final Jeopardy! Round responses

SINGLE-NAMED PERFORMERS
(Alex: One name that comes to mind when you think of single-named actresses is Cher, but she wasn't in the movie Precious. We come to you, Shane. You had $6,200, and you're shaking your head because you were...you came up with Cher! All right.)
(Shane: Called it.)
[Laughter]
(Alex: We didn't talk before the show, folks.)
ShaneWho is Cher
$4,001
ValWho is Monique?
$10,198
KarenWho is Monique?
$3,601
Mo'Nique

Final scores:

Karen Val Shane
$20,401 $20,398 $2,199
5-day champion: $94,802 2nd place: $2,000 3rd place: $1,000

Game dynamics:

Coryat scores:

Karen Val Shane
$16,800 $11,600 $6,200
23 R
(including 1 DD),
3 W
17 R
(including 1 DD),
3 W
(including 1 DD)
11 R,
2 W

Combined Coryat: $34,600

[game clues] [game scores] [suggest correction]

Game tape date: 2019-10-22
The J! Archive is created by fans, for fans. Scraping, republication, monetization, and malicious use prohibited; this site may use cookies and collect identifying information. See terms. The Jeopardy! game show and all elements thereof, including but not limited to copyright and trademark thereto, are the property of Jeopardy Productions, Inc. and are protected under law. This website is not affiliated with, sponsored by, or operated by Jeopardy Productions, Inc. Join the discussion at JBoard.tv.